000 01121nam a2200277 a 4500
001 000019451
005 20200929170024.0
008 100629s2005 es c 000 0 spa d
020 _a8497647572
040 _aDO-SdBNP
_bspa
_cBNPHU
082 _a923.1
_bS622P
100 1 _aPerris Villamor, Alicia Noemí
_d1952-
_941766
245 1 0 _aSissi Emperatriz, Elizabeth de Austria :
_bel hada de la soledad /
_cAlicia Noemí Perris Villamor; coordinador general Felipe Sen ; coordinador de colección Mar de Ventura Fernández.
260 _aMadrid, España :
_bPerymat,
_c2005.
300 _a189 p. :
_bretrs. ;
_c22 cm.
490 1 _aMujeres en la historia
504 _aBibliografía : p. 189
600 0 4 _aISABEL,
_cEMPERATRIZ CONSORTE DE FRANCISCO JOSÉ I., IMPERADOR DE AUSTRIA
_d1854-1898
_941767
650 4 _aEmperatrices
_zAustria
_xBiografías
_941768
651 4 _aAustria
_xHistoria
_y1848-1946
_941769
700 1 _aSen, Felipe,
_ecoord.
_941707
700 1 _aVentura Fernández, Mar de,
_ecoord.
_941759
830 0 _aMujeres en la historia
_941760
910 _aValidado. Control de calidad MFF
049 _aBNGR
999 _c18967
_d18967